000
00317nam a2200133Ia 4500
005
20251222155203.0
008
251222s9999||||xx |||||||||||||| ||spa||
082
_a
INV.62
100
_a
Cerna Barba M.
245
0
_a
Sistematización de un modelo de enfermería
250
_a
1ra. ed.
264
_b
UNC
942
_c
LIB
999
_c
40025
_d
40025